Online Catalogue and eLibrary

Naan kolai ceyyum penkal (Record no. 4582)

MARC details
000 -LEADER
fixed length control field 00390nam a2200157Ia 4500
005 - DATE AND TIME OF LATEST TRANSACTION
control field 20250325024453.0
008 - FIXED-LENGTH DATA ELEMENTS--GENERAL INFORMATION
fixed length control field 240331s9999 xx 000 0 und d
020 ## - INTERNATIONAL STANDARD BOOK NUMBER
ISBN 9788189945336
082 ## - DDC Classification
Item Number - Author Mark LAT
Class No. 894
100 ## - MAIN ENTRY--PERSONAL NAME
Personal name Lataa
245 #0 - TITLE STATEMENT
Title Naan kolai ceyyum penkal
260 ## - PUBLICATION, DISTRIBUTION, ETC.
Place of publication, distribution, etc. Coiambatore
Name of publisher, distributor, etc. Kalachuvadu pathippagam
Date of publication, distribution, etc. 2004 p .,
300 ## - PHYSICAL DESCRIPTION
Extent (e.g. Volumes, Pages etc.) 104 p .,
650 ## - SUBJECT ADDED ENTRY--TOPICAL TERM
Topical term or geographic name entry element Short Stories
942 ## - Koha item type (Biblio)
Koha item type Books in Stacks (Lending)
Holdings
Lost status Damaged status Collection code Home library Current library Shelving location Date acquired Full call number Accession Number Item type
    Lending WERC Library WERC Library Social Science Cupboard 03/31/2024 894.811 LAT 6238 Books in Stacks (Lending)

© WERC Library